Score 0/12 Timer 05:00
0 Plays Today
% Correct
Animal Farm
98.3%
Catch 22
97.3%
To Kill a Mockingbird
96.2%
Bridge to Terabithia
95.6%
Catcher in the Rye
94.7%
The Grapes of Wrath
87.7%
The Sound and the Fury
82.4%
The Fault in Our Stars
77.3%
Twilight
75.7%
The Great Gatsby
74.3%
Harry Potter and the Deathly Hallows
66.5%
Dracula
43.3%
Remove Ads.
Support Sporcle.
Get the best of Sporcle when you Go Orange. This ad-free experience offers more features, more stats, and more fun while also helping to support Sporcle. Thank you for becoming a member.

You're not logged in!

Compare scores with friends on all Sporcle quizzes.
OR
Log In

Show Comments

Extras

Top Quizzes Today


Score Distribution

Your Account Isn't Verified!

In order to create a playlist on Sporcle, you need to verify the email address you used during registration. Go to your Sporcle Settings to finish the process.

Report this User

Report this user for behavior that violates our Community Guidelines.

Details: